LEADER 01161nam1-2200349---450- 001 990005529580203316 005 20141009103921.0 035 $a000552958 035 $aUSA01000552958 035 $a(ALEPH)000552958USA01 035 $a000552958 100 $a20121027f---0---9km-y0itay50------ba 101 0 $aita 102 $aIT 105 $aa|||||||001yy 200 1 $aStoria della Biblioteca apostolica Vaticana 210 $aCittą del Vaticano$cBiblioteca apostolica Vaticana 215 $avolumi$cill.$d30 cm 463 \1$1001990005968820203316$12001 $a<> <> Biblioteca Vaticana tra Riforma cattolica, crescita delle collezioni e nuovo edificio$e(1535-1590) 606 0 $aBiblioteca apostolica Vaticana$xStoria$2BNCF 676 $a027.545634 801 0$aIT$bsalbc$gISBD 912 $a990005529580203316 951 $aI.2.B. 1004/$bL.M.$cI.2. 959 $aBK 969 $aUMA 979 $c20121027$lUSA01$h1532 979 $c20121027$lUSA01$h1613 979 $aPATRY$b90$c20130226$lUSA01$h1603 979 $aANNAMARIA$b90$c20141009$lUSA01$h1039 996 $aStoria della Biblioteca apostolica Vaticana$91130339 997 $aUNISA